Smart girls don't and guys don't either. (Record no. 14767)

000 -LEADER
fixed length control field 00677nam a2200229 a 4500
001 - CONTROL NUMBER
control field :::00012601$&:&@@
003 - CONTROL NUMBER IDENTIFIER
control field OkBaRHE
005 - DATE AND TIME OF LATEST TRANSACTION
control field 20000607103420.0
008 - FIXED-LENGTH DATA ELEMENTS--GENERAL INFORMATION
fixed length control field s1982 j 000 0 eng u
020 ## - INTERNATIONAL STANDARD BOOK NUMBER
International Standard Book Number 0830708243
040 ## - CATALOGING SOURCE
Transcribing agency
100 1# - MAIN ENTRY--PERSONAL NAME
Personal name Leman, Kevin.
245 10 - TITLE STATEMENT
Title Smart girls don't and guys don't either.
260 ## - PUBLICATION, DISTRIBUTION, ETC. (IMPRINT)
Place of publication, distribution, etc Ventura, CA., :
Name of publisher, distributor, etc Regal Books
Date of publication, distribution, etc c1982
300 ## - PHYSICAL DESCRIPTION
Extent 152 p. ;
Dimensions 23 cm.
650 ## - SUBJECT ADDED ENTRY--TOPICAL TERM
Topical term or geographic name as entry element Adolescent Psychology
650 ## - SUBJECT ADDED ENTRY--TOPICAL TERM
Topical term or geographic name as entry element Dating (Social Customs)
650 ## - SUBJECT ADDED ENTRY--TOPICAL TERM
Topical term or geographic name as entry element Parenting
650 ## - SUBJECT ADDED ENTRY--TOPICAL TERM
Topical term or geographic name as entry element Youth
General subdivision Sexual Behavior
942 ## - ADDED ENTRY ELEMENTS (KOHA)
Source of classification or shelving scheme
Koha item type Books
Copies
Source of classification or shelving scheme Barcode Price effective from Damaged status Full call number Date last seen Permanent Location Koha item type Shelving location Not for loan Lost status Copy number Date acquired Withdrawn status
 126012010-04-14 HQ 796 .L3662010-04-14RHEMA Bible Training CollegeBooksGeneral Stacks  12010-04-14